[Event "Verbandsliga Nordbaden 1920"]
[Site "Baden"]
[Date "2020.01.12"]
[Round "4.3"]
[White "Pfatteicher, Lukas"]
[Black "Sandmeier, Toni"]
[Result "1-0"]
[WhiteElo "2149"]
[BlackElo "2187"]
[PlyCount "77"]
[EventDate "2019.09.29"]
[EventType "team-tourn"]
[EventRounds "9"]
[EventCountry "GER"]
[SourceTitle "EXT 2021"]
[Source "ChessBase"]
[SourceDate "2020.10.23"]
[SourceVersion "1"]
[SourceVersionDate "2020.10.23"]
[SourceQuality "1"]
[WhiteTeam "Karlsruhe"]
[BlackTeam "Eppingen II"]
[WhiteTeamCountry "GER"]
[BlackTeamCountry "GER"]

1. d4 Nf6 2. c4 e6 3. Nc3 d5 4. cxd5 exd5 5. Bg5 c6 6. e3 Bd6 7. Bd3 0-0 8. Qc2 h6 9. Bh4 Re8 10. Nge2 Nbd7 11. h3 Nf8 12. 0-0-0 Be6 13. Kb1 Rc8 14. g4 c5 15. dxc5 Rxc5 16. Nd4 a6 17. Rc1 b5 18. Qd1 g5 19. Bg3 Bxg3 20. fxg3 Bd7 21. Qf3 Qe7 22. Rhd1 Kg7 23. Bf5 b4 24. Bxd7 Qxd7 25. Nf5+ Kg6 26. Ne2 Rxc1+ 27. Nxc1 Qe6 28. Rd4 a5 29. h4 Ne4 30. hxg5 Nxg5 31. Qh1 Kh7 32. Nd3 Ne4 33. Nf4 Qa6 34. Rxd5 Nc3+ 35. bxc3 bxc3 36. Ka1 Qb6 37. Rb5 Qf6 38. Nd5 Qg5 39. Rb7 1-0

[Event "Staufer op 32nd"]
[Site "Schwaebisch Gmuend"]
[Date "2020.01.02"]
[Round "1"]
[White "Pfatteicher, Lukas"]
[Black "Baskin, Robert"]
[Result "1/2-1/2"]
[WhiteElo "2179"]
[BlackElo "2406"]
[PlyCount "81"]
[EventDate "2020.01.02"]
[EventType "swiss"]
[EventRounds "9"]
[EventCountry "GER"]
[SourceTitle "CBM 194 Extra"]
[Source "ChessBase"]
[SourceDate "2020.03.31"]
[SourceVersion "1"]
[SourceVersionDate "2020.03.31"]
[SourceQuality "1"]

1. d4 Nf6 2. c4 e6 3. Nc3 Bb4 4. f3 c5 5. d5 d6 6. e4 b5 7. Bf4 e5 8. Be3 Bxc3+ 9. bxc3 bxc4 10. Bxc4 0-0 11. Ne2 Ne8 12. g4 g6 13. Ng3 f5 14. gxf5 gxf5 15. exf5 Qh4 16. Bd3 Bxf5 17. Bxf5 Rxf5 18. 0-0 Rf7 19. Qd2 Nd7 20. Bg5 Qh3 21. Rae1 Ng7 22. Re4 Nf5 23. Rg4 Nxg3 24. Rxg3 Qh5 25. Bf6+ Kf8 26. Rg5 Qh3 27. Rg3 Qf5 28. Qh6+ Ke8 29. Bh4 Nf6 30. Bxf6 Rxf6 31. Rg8+ Ke7 32. Rg7+ Rf7 33. Qh4+ Kf8 34. Rg5 Qf6 35. Qg4 Ke7 36. Rb1 Raf8 37. h4 Kd8 38. Qa4 Rc7 39. Qg4 Rcf7 40. Qa4 Rc7 41. Qg4 1/2-1/2

[Event "Verbandsliga Nordbaden 1920"]
[Site "Baden"]
[Date "2019.11.10"]
[Round "2.2"]
[White "Neidig, Stefan"]
[Black "Pfatteicher, Lukas"]
[Result "1/2-1/2"]
[WhiteElo "2227"]
[BlackElo "2149"]
[PlyCount "116"]
[EventDate "2019.09.29"]
[EventType "team-tourn"]
[EventRounds "9"]
[EventCountry "GER"]
[SourceTitle "EXT 2021"]
[Source "ChessBase"]
[SourceDate "2020.10.23"]
[SourceVersion "1"]
[SourceVersionDate "2020.10.23"]
[SourceQuality "1"]
[WhiteTeam "Ladenburg"]
[BlackTeam "Karlsruhe"]
[WhiteTeamCountry "GER"]
[BlackTeamCountry "GER"]

1. c4 g6 2. Nc3 c5 3. Nf3 Bg7 4. d4 cxd4 5. Nxd4 Nc6 6. e3 Nf6 7. Be2 0-0 8. 0-0 Nxd4 9. Qxd4 d6 10. Rd1 Be6 11. Bd2 d5 12. cxd5 Nxd5 13. Qe4 Qd7 14. Be1 Nxc3 15. Bxc3 Qc7 16. Bxg7 Kxg7 17. Bf3 Bf5 18. Rac1 Qb6 19. Qxb7 Rac8 20. Rxc8 Rxc8 21. Qxe7 Be6 22. b3 Qa5 23. Qd6 Qxa2 24. Qd4+ Kg8 25. Ra1 Qxb3 26. Qxa7 Qb2 27. Qd4 Rc1+ 28. Rxc1 Qxc1+ 29. Qd1 Qxd1+ 30. Bxd1 g5 31. Kf1 f6 32. Ke2 Kg7 33. Kd3 h6 34. Kd4 Bf7 35. Kc5 Be6 36. Kd6 Bc4 37. Ke7 Bd5 38. Bf3 Bc4 39. Be4 Bb3 40. Bf5 Bd5 41. g3 Bc4 42. h4 Bb3 43. f4 gxf4 44. gxf4 Bc4 45. h5 Be2 46. Bg6 Bg4 47. e4 Bf3 48. Ke6 Bd1 49. Ke7 Bc2 50. Kd6 Bd3 51. e5 fxe5 52. fxe5 Bc4 53. Be4 Be2 54. e6 Bxh5 55. e7 Kf6 56. Kd7 Bf7 57. Bd5 Bg6 58. Kd8 h5 1/2-1/2

[Event "Alsace-Baden"]
[Site "Selestat"]
[Date "2019.09.22"]
[Round "1.8"]
[White "Lefebvre, Pierre"]
[Black "Pfatteicher, Lukas"]
[Result "0-1"]
[WhiteElo "2097"]
[BlackElo "2149"]
[PlyCount "98"]
[EventDate "2019.09.22"]
[EventType "team-match"]
[EventRounds "1"]
[EventCountry "FRA"]
[SourceTitle "CBM 192 Extra"]
[Source "Chessbase"]
[SourceDate "2019.11.06"]
[SourceVersion "1"]
[SourceVersionDate "2019.11.06"]
[SourceQuality "1"]
[WhiteTeam "Alsace"]
[BlackTeam "Baden"]
[WhiteTeamCountry "FRA"]
[BlackTeamCountry "GER"]

1. Nf3 g6 2. g3 Bg7 3. Bg2 e5 4. d3 f5 5. c4 Ne7 6. Nc3 0-0 7. 0-0 d6 8. Rb1 h6 9. e3 Nd7 10. Ne1 c6 11. f4 Nf6 12. Nf3 Qc7 13. c5 exf4 14. cxd6 Qxd6 15. gxf4 Rd8 16. Ne5 Be6 17. Qe2 Nfd5 18. Nxd5 Bxd5 19. Nc4 Qe6 20. Bxd5 cxd5 21. Na5 b6 22. Nb3 Nc6 23. a3 Rac8 24. Qg2 d4 25. Nxd4 Nxd4 26. exd4 Bxd4+ 27. Kh1 Re8 28. b4 Qc6 29. Qxc6 Rxc6 30. Bb2 Bxb2 31. Rxb2 Rc3 32. a4 Rxd3 33. a5 Red8 34. Rc2 Rd2 35. Rfc1 Rxc2 36. Rxc2 bxa5 37. bxa5 Rd4 38. Rc7 Rxf4 39. Rxa7 Rf2 40. a6 Ra2 41. Kg1 g5 42. h3 h5 43. Ra8+ Kg7 44. a7 g4 45. hxg4 hxg4 46. Kf1 f4 47. Kg1 g3 48. Rb8 Rxa7 49. Kg2 Ra2+ 0-1